<?xml version="1.0" encoding="UTF-8"?>
<marc:record xmlns:marc="http://www.loc.gov/MARC21/slim">
   <marc:leader>00000nam a2200000 a 4500</marc:leader>
   <marc:datafield ind1="1" ind2=" " tag="100">
      <marc:subfield code="a">Gasser, Edith-Ulla</marc:subfield>
      <marc:subfield code="4">aut</marc:subfield>
      <marc:subfield code="e">Verfasser/-in</marc:subfield>
   </marc:datafield>
   <marc:datafield ind1="0" ind2="0" tag="245">
      <marc:subfield code="a">Aber sicher!</marc:subfield>
   </marc:datafield>
   <marc:datafield ind1="0" ind2="0" tag="245">
      <marc:subfield code="b">Die besten Texte aus dem Ö1 Literaturwettbewerb</marc:subfield>
   </marc:datafield>
   <marc:datafield ind1="0" ind2="0" tag="245">
      <marc:subfield code="c">Hg.: Edith-Ulla Gasser</marc:subfield>
   </marc:datafield>
   <marc:datafield ind1=" " ind2="1" tag="264">
      <marc:subfield code="b">Braumüller</marc:subfield>
      <marc:subfield code="c">2017</marc:subfield>
   </marc:datafield>
   <marc:datafield ind1=" " ind2=" " tag="250">
      <marc:subfield code="a">1</marc:subfield>
   </marc:datafield>
   <marc:datafield ind1="1" ind2=" " tag="520">
      <marc:subfield code="a">"Sicherheit" ist eines der zentralen Themen unserer Gesellschaft. Von der Datensicherheit über die Betriebssicherheit, die Sicherheitspolitik, die Verkehrssicherheit und die Sicherung des persönlichen Eigentums bis hin zum Safer Sex gibt es fast nichts, das nicht mit dem Schlagwort "sicher" attraktiver, beruhigender, besser und auch teurer gemacht werden kann. Kein Wunder, dass das Thema "Sicherheit" Eingang in literarische Texte gefunden hat. Die in diesem Buch versammelten Siegertexte des Ö1 Literaturwettbewerbs "Aber sicher!" geben Denkanstöße zur Idee der Sicherheit und dem Wunsch nach Freiheit.</marc:subfield>
   </marc:datafield>
   <marc:datafield ind1=" " ind2=" " tag="020">
      <marc:subfield code="a">9783992001910</marc:subfield>
      <marc:subfield code="9">9783992001910</marc:subfield>
   </marc:datafield>
   <marc:datafield ind1=" " ind2=" " tag="020">
      <marc:subfield code="a">3992001911</marc:subfield>
      <marc:subfield code="9">3992001911</marc:subfield>
   </marc:datafield>
   <marc:datafield ind1=" " ind2=" " tag="300">
      <marc:subfield code="a">205 S.</marc:subfield>
   </marc:datafield>
</marc:record>
